| 000 | 00532nam a22001937a 4500 | ||
|---|---|---|---|
| 003 | OSt | ||
| 005 | 20240514131838.0 | ||
| 008 | 240514b |||||||| |||| 00| 0 eng d | ||
| 020 | _a0471150584 | ||
| 040 | _cDDC | ||
| 082 | _a530 TRE 2004 | ||
| 100 | _4Hazen Robert M, Trefil James. | ||
| 245 | _aPhysics Matters:An Introduction to Conceptual. | ||
| 260 |
_aUSA, _bJohn Wiley & Sons _c2004. |
||
| 300 |
_aXxvii;691p, _bcol; ill, _c26cm. |
||
| 504 | _aAppendixes,Glossary,Index. | ||
| 650 |
_aPhysics _9809 |
||
| 942 |
_2ddc _cO_SHELF |
||
| 999 |
_c8331 _d8331 |
||